An introduction to operating systems /

Gespeichert in:
Bibliographische Detailangaben
1. Verfasser: Deitel, Harvey M (Verfasst von)
Format: Buch
Sprache:Englisch
Veröffentlicht: Reading : Addison-Wesley, 1990
Tags: Tag hinzufügen
Keine Tags, Fügen Sie das erste Tag hinzu!

MARC

LEADER 00000nam a22000003a 4500
001 stu980
005 20150617225618.0
008 920110s1990----xxu-----------------eng-d
040 |a STU  |b slo 
041 0 |a eng 
044 |a xxu 
080 |a 681.32.066 
080 |a 519.68 
100 1 |a Deitel, Harvey M  |4 aut 
245 1 |a An introduction to operating systems /  |c [aut.] Deitel,Harvey M 
260 |a Reading :  |b Addison-Wesley,  |c 1990 
300 |a 1.časť :  |b 26, 1-565 s 
996 |b I4564  |c I*4564  |l II680  |s A  |a 24  |w stu980_0001 
996 |b I4565  |c I*4565  |l II680  |s A  |a 24  |w stu980_0002